| 000 | 00000nam##2200000za#4500 |
| 001 | 9.574858 |
| 003 | CaOODSP |
| 005 | 20210624184403 |
| 007 | cr ||||||||||| |
| 008 | 150406|2010||||xxc|||||o f|0| 0 eng|d |
| 022 | |a1919-6814 |
| 040 | |aCaOODSP|beng |
| 043 | |an-cn--- |
| 086 | 1 |aFs48-2/8-2010E-PDF |
| 110 | 1 |aCanada.|bDepartment of Fisheries and Oceans. |bAquaculture Science Branch. |
| 245 | 10|aCommercial, environmental and physiological performance of brook trout fed with low-phosphorus, high-energy feeds |h[electronic resource] |
| 260 | |aOttawa - Ontario : |bFisheries and Oceans Canada. |
| 300 | |a4p.|bcoloured figs., table, photographs |
| 490 | 1 |aAquaculture Collaborative Research and Development Program (ACRDP) fact sheet |x1919-6814|vIssue 8, October 2010 |
| 590 | |a12-36-Supp|b2012-08-22 |
| 775 | 08|tPerformances commerciales, environnementales et physiologiques des ombles de fontatine nourris avec des moulées à faible teneur en phosphore et à haute énergie |w(CaOODSP)9.604571 |
| 830 | #0|aAquaculture Collaborative Research and Development Program (ACRDP) fact sheet,|x1919-6814|vIssue 8, October 2010|w(CaOODSP)9.506434 |
| 856 | 40|ahttp://publications.gc.ca|qPDF|s238 KB|uhttps://publications.gc.ca/collections/collection_2012/mpo-dfo/Fs48-2-8-2010-eng.pdf|yIssue 8, October 2010 |
| 986 | |aDFO/2008-1493 |